[Event "Lazarevskoe op"]
[Site "Lazarevskoe"]
[Date "2014.06.17"]
[Round "?"]
[White "Kvanin, Georgy"]
[Black "Yurchenko, Nikolay"]
[Result "0-1"]
[WhiteElo "1961"]
[BlackElo "2046"]
[PlyCount "58"]
[EventDate "2014.06.14"]
[EventType "swiss"]
[EventRounds "9"]
[EventCountry "RUS"]
[SourceTitle "EXT 2015"]
[Source "ChessBase"]
[SourceDate "2014.11.20"]
[SourceVersion "1"]
[SourceVersionDate "2014.11.20"]
[SourceQuality "1"]

1. e4 e6 2. d4 b6 3. Bd3 Bb7 4. Nf3 d5 5. e5 c5 6. c3 Ne7 7. Bg5 Nd7 8. 0-0 Qc7 9. Na3 a6 10. Rc1 Ng6 11. c4 Qb8 12. Qa4 dxc4 13. Be2 b5 14. Qa5 cxd4 15. Bxc4 Bxf3 16. Bxb5 axb5 17. Nxb5 Rxa5 18. Nc7+ Qxc7 19. Rxc7 f6 20. exf6 gxf6 21. Bd2 Rxa2 22. gxf3 Rxb2 23. Ba5 Nge5 24. f4 Rg8+ 25. Kh1 Nf3 26. f5 Rxf2 27. Rc8+ Kf7 28. fxe6+ Kxe6 29. Re1+ Kf5 0-1

[Event "Stavropol Region-ch"]
[Site "Kislovodsk"]
[Date "2011.09.15"]
[Round "6"]
[White "Lezhepekova, Veronika"]
[Black "Yurchenko, Nikolay"]
[Result "1/2-1/2"]
[WhiteElo "2089"]
[BlackElo "2074"]
[PlyCount "68"]
[EventDate "2011.09.09"]
[EventType "swiss"]
[EventRounds "9"]
[EventCountry "RUS"]
[SourceTitle "EXT 2022"]
[Source "ChessBase"]
[SourceDate "2021.10.06"]
[SourceVersion "1"]
[SourceVersionDate "2021.10.06"]
[SourceQuality "1"]

1. d4 d5 2. c4 c6 3. Nc3 Nf6 4. Nf3 Bg4 5. e3 Nbd7 6. cxd5 cxd5 7. Be2 e6 8. 0-0 Bd6 9. Bd2 0-0 10. Nb5 Bb8 11. Bb4 Re8 12. Nd6 Bxd6 13. Bxd6 Ne4 14. Ba3 Rc8 15. Ne5 Nxe5 16. dxe5 Bxe2 17. Qxe2 Qa5 18. Rfd1 Nc3 19. bxc3 Qxa3 20. Qb5 b6 21. Rdc1 Re7 22. Qb4 Qxb4 23. cxb4 Rec7 24. Rcb1 f6 25. exf6 gxf6 26. a4 Rc2 27. b5 Kf7 28. a5 bxa5 29. g3 R2c4 30. Rxa5 Rc1+ 31. Rxc1 Rxc1+ 32. Kg2 Rc7 33. Ra6 Rb7 34. Kf3 Rxb5 1/2-1/2

[Event "Kislovodsk Rating"]
[Site "Kislovodsk"]
[Date "2009.07.25"]
[Round "8"]
[White "Yurchenko, Nikolay"]
[Black "Karabashev, Sagit"]
[Result "1-0"]
[WhiteElo "2065"]
[BlackElo "2189"]
[PlyCount "49"]
[EventDate "2009.07.18"]
[EventType "tourn"]
[EventRounds "9"]
[EventCountry "RUS"]
[SourceTitle "EXT 2022"]
[Source "ChessBase"]
[SourceDate "2021.10.06"]
[SourceVersion "1"]
[SourceVersionDate "2021.10.06"]
[SourceQuality "1"]

1. d4 c5 2. dxc5 Nf6 3. c4 e6 4. Nc3 Bxc5 5. e4 0-0 6. e5 Ne8 7. Nf3 Nc6 8. Bd3 d6 9. Bxh7+ Kh8 10. Be4 g6 11. Bxc6 bxc6 12. Qd2 Kg8 13. Ne4 Qc7 14. Nxc5 dxc5 15. Qh6 Ng7 16. Bg5 Nf5 17. Qh3 f6 18. Bxf6 Qh7 19. Qxh7+ Kxh7 20. h4 Bd7 21. 0-0-0 Bc8 22. Ng5+ Kh6 23. g4 Nd4 24. Ne4 Ba6 25. b3 1-0

[Event "Kislovodsk Rating"]
[Site "Kislovodsk"]
[Date "2009.07.21"]
[Round "4"]
[White "Yurchenko, Nikolay"]
[Black "Gerliani, Roin"]
[Result "1-0"]
[WhiteElo "2065"]
[BlackElo "1922"]
[PlyCount "99"]
[EventDate "2009.07.18"]
[EventType "tourn"]
[EventRounds "9"]
[EventCountry "RUS"]
[SourceTitle "EXT 2022"]
[Source "ChessBase"]
[SourceDate "2021.10.06"]
[SourceVersion "1"]
[SourceVersionDate "2021.10.06"]
[SourceQuality "1"]

1. d4 d5 2. c4 c6 3. Nc3 Nf6 4. e3 Bg4 5. Qb3 Qd7 6. cxd5 cxd5 7. Bb5 Nc6 8. f3 Be6 9. Nge2 g6 10. 0-0 Bg7 11. Rd1 0-0 12. e4 Rfd8 13. Bg5 dxe4 14. Qa4 exf3 15. gxf3 Nd5 16. Ne4 Qc7 17. Nc5 Bf5 18. Rac1 Rac8 19. Bxc6 bxc6 20. Bd2 Re8 21. Ba5 Qd6 22. Ng3 Bh3 23. Be1 e5 24. Nge4 Qe7 25. Bf2 f5 26. Ng3 f4 27. Nge4 Rf8 28. Qa6 Ne3 29. Bxe3 fxe3 30. dxe5 Bxe5 31. Qe2 Bf4 32. Nd3 Bh6 33. Rc4 Be6 34. Ra4 Bd5 35. Ndc5 Rf5 36. Rf1 Rcf8 37. b3 Bf4 38. Nd3 Bh6 39. Ne1 Re5 40. Nd3 Rh5 41. Ng3 Rh4 42. Rxh4 Qxh4 43. f4 Re8 44. Ne5 Bxf4 45. Nd7 Re7 46. Qa6 Rf7 47. Qc8+ Kg7 48. Qe8 Bxg3 49. Rxf7+ Bxf7 50. Qf8# 1-0

[Event "Doroshkevich Memorial op"]
[Site "Belorechensk"]
[Date "2009.05.25"]
[Round "3"]
[White "Yurchenko, Nikolay"]
[Black "Kondrashov, Kirill"]
[Result "0-1"]
[WhiteElo "2065"]
[BlackElo "1815"]
[PlyCount "86"]
[EventDate "2009.05.23"]
[EventType "swiss"]
[EventRounds "9"]
[EventCountry "RUS"]
[SourceTitle "CBM 130 Extra"]
[Source "ChessBase"]
[SourceDate "2009.07.02"]
[SourceVersion "2"]
[SourceVersionDate "2009.07.15"]
[SourceQuality "1"]

1. d4 Nf6 2. Nf3 g6 3. c4 Bg7 4. Nc3 0-0 5. e4 d6 6. Bg5 c5 7. Qd2 cxd4 8. Nxd4 Nc6 9. Nf3 Qa5 10. h4 h5 11. Be2 Be6 12. 0-0 Rac8 13. Nd5 Qxd2 14. Nxd2 Bxd5 15. exd5 Ne5 16. Rac1 Rc7 17. Nf3 Nxf3+ 18. Bxf3 Rfc8 19. Rfe1 Kf8 20. b3 Nh7 21. Bf4 Nf6 22. a4 Nd7 23. Re3 Nf6 24. Rce1 Ng8 25. g4 hxg4 26. Bxg4 Rd8 27. Rh3 Bh6 28. Bh2 Nf6 29. Bd1 Kg7 30. f4 Rg8 31. Kf2 a6 32. h5 b5 33. hxg6 fxg6 34. Bg3 bxc4 35. bxc4 Rb8 36. Bh4 Bxf4 37. Bxf6+ Kxf6 38. Re6+ Kg7 39. Bc2 Rb2 40. Rxg6+ Kf7 41. Rh7+ Ke8 42. Rg8+ Kd7 43. Rhh8 Rxc2+ 0-1

[Event "Elista-A"]
[Site "Elista"]
[Date "2009.01.09"]
[Round "10"]
[White "Erendzhenov, Stanislav"]
[Black "Yurchenko, Nikolay"]
[Result "1-0"]
[WhiteElo "2267"]
[BlackElo "1986"]
[PlyCount "55"]
[EventDate "2009.01.03"]
[EventType "tourn"]
[EventRounds "10"]
[EventCountry "RUS"]
[SourceTitle "EXT 2010"]
[Source "ChessBase"]
[SourceDate "2010.11.25"]
[SourceVersion "1"]
[SourceVersionDate "2010.11.25"]
[SourceQuality "1"]

1. d4 d5 2. c4 c6 3. Nf3 Nf6 4. Qc2 g6 5. Nc3 Bg7 6. Bf4 0-0 7. e3 a6 8. Bd3 dxc4 9. Bxc4 Nd5 10. Bg3 Bf5 11. e4 Nb6 12. Bb3 Bc8 13. h4 Bxd4 14. Nxd4 Qxd4 15. h5 Bg4 16. hxg6 hxg6 17. f3 Qe3+ 18. Ne2 Be6 19. Bf2 Bxb3 20. axb3 Qg5 21. Bxb6 Nd7 22. Qc3 e5 23. Bf2 Qxg2 24. Rg1 Qh3 25. 0-0-0 Rad8 26. Rh1 Qe6 27. Qe3 Nf6 28. Rdg1 1-0

[Event "Elista-A"]
[Site "Elista"]
[Date "2009.01.04"]
[Round "3"]
[White "Borisov, Sergey"]
[Black "Yurchenko, Nikolay"]
[Result "1-0"]
[WhiteElo "2112"]
[BlackElo "1986"]
[PlyCount "43"]
[EventDate "2009.01.03"]
[EventType "tourn"]
[EventRounds "10"]
[EventCountry "RUS"]
[SourceTitle "EXT 2010"]
[Source "ChessBase"]
[SourceDate "2010.11.25"]
[SourceVersion "1"]
[SourceVersionDate "2010.11.25"]
[SourceQuality "1"]

1. Nf3 Nf6 2. d4 d5 3. c4 dxc4 4. e3 c5 5. Bxc4 cxd4 6. exd4 e6 7. 0-0 Be7 8. Nc3 0-0 9. Re1 a6 10. Bg5 b5 11. Bb3 Bb7 12. Ne5 b4 13. Na4 Nd5 14. Bxe7 Qxe7 15. Bxd5 Bxd5 16. Nb6 Qg5 17. Nxd5 exd5 18. Qb3 a5 19. Qxd5 Ra6 20. g3 Rf6 21. Re3 Nc6 22. Nxc6 1-0